<?xml version="1.0" encoding="UTF-8"?>
<record
    xmlns:xsi="http://www.w3.org/2001/XMLSchema-instance"
    xsi:schemaLocation="http://www.loc.gov/MARC21/slim http://www.loc.gov/standards/marcxml/schema/MARC21slim.xsd"
    xmlns="http://www.loc.gov/MARC21/slim">

  <leader>02407    a2200217   4500</leader>
  <controlfield tag="001">26391</controlfield>
  <controlfield tag="005">20260407155543.0</controlfield>
  <controlfield tag="008">260407a2014    arg                 spa d</controlfield>
  <controlfield tag="003">AR-UNSa-BCEJYS</controlfield>
  <datafield tag="040" ind1=" " ind2=" ">
    <subfield code="a">AR-UNSa-BCEJYS</subfield>
    <subfield code="b">spa</subfield>
    <subfield code="c">AR-UNSa-BCEJYS</subfield>
  </datafield>
  <datafield tag="080" ind1=" " ind2=" ">
    <subfield code="a">349.2</subfield>
    <subfield code="x">Derecho del Trabajo</subfield>
  </datafield>
  <datafield tag="245" ind1="1" ind2="0">
    <subfield code="a">Intermediaci&#xF3;n laboral y sucesi&#xF3;n de empleadores</subfield>
  </datafield>
  <datafield tag="020" ind1=" " ind2=" ">
    <subfield code="a">978-987-01-1655-4</subfield>
  </datafield>
  <datafield tag="264" ind1=" " ind2="1">
    <subfield code="a">Buenos Aires :</subfield>
    <subfield code="b">Errepar</subfield>
    <subfield code="c">2014</subfield>
  </datafield>
  <datafield tag="300" ind1=" " ind2=" ">
    <subfield code="a">299 p.</subfield>
    <subfield code="c">21 cm.</subfield>
  </datafield>
  <datafield tag="505" ind1=" " ind2=" ">
    <subfield code="a">1. Fraude e interposici&#xF3;n fraudulenta de persona. Obligaciones registrales y documentales / Mat&#xED;as M. Carellano - 2. La contrataci&#xF3;n irregular o fraudulenta mediante empresas de servicios eventuales / Ricardo D. Hierrezuelo - 3. Contrataci&#xF3;n de personal a trav&#xE9;s de empresas de servicios enventuales. Supuestos de intermediaci&#xF3;n leg&#xED;tima. Regulaci&#xF3;n legal. Requisitos. Rol de los sujetos / Federico de los Reyes -Pedro S. Pusineri - 4. Subcontrataci&#xF3;n aparente o intermediaci&#xF3;n encubierta / Agust&#xED;n H. Carugo -Santiago Vallejos - 5. Trabajador autorizado para valerse de dependientes. Gu&#xED;a para la comprensi&#xF3;n del ornitorrinco / Enrique Arias Gibert - 6. Auxiliares del trabajador como supuesto de intermediaci&#xF3;n a trav&#xE9;s de un dependiente (art. 28, LCT) / Andr&#xE9;s Abramovich - 7. Las pasant&#xED;as educativas y el fraude en la intermediaci&#xF3;n laboral / Eugenia P. Kheday&#xE1;n - 8. El fraude en la intermediaci&#xF3;n laboral mediante la contataci&#xF3;n de cooperativas de trabajo / Ana Mar&#xED;a Salas - 9. &#xBF;Cuando estamos ante una "genuina" cooperativa de trabajo proveedora de mano de obra a terceros? / Oscar S. Fleitas - 10. El contrato de trabajo de equipos y el trabajo prestado por los integrantes de sociedades comerciales (arts. 101 y 102, LCT) / Nancy R. Rivelli - 11. El r&#xE9;gimen de trabajo agrario y la solidaridad laboral. Proyecciones actuales / Cristi&#xE1;n Requena - 12. Transferencia de establecimiento / Diana Dubra - 13. Efectos jur&#xED;dicos del cambio de titularidad del establecimiento sobre los contratos de trabajo / Pablo Candal - 14. Responsabilidad solidaria de los sucesivos arrendatarios de un establecimiento / Jos&#xE9; D. Machado.</subfield>
  </datafield>
  <datafield tag="942" ind1=" " ind2=" ">
    <subfield code="c">BK</subfield>
  </datafield>
  <datafield tag="590" ind1=" " ind2=" ">
    <subfield code="a">niveau_biblio:m niveau_hierar:0</subfield>
  </datafield>
  <datafield tag="100" ind1="1" ind2=" ">
    <subfield code="a">Garc&#xED;a Vior, Andrea E.</subfield>
  </datafield>
  <datafield tag="856" ind1="4" ind2="1">
    <subfield code="u">https://biblioeco.unsa.edu.ar/pmb/images/libros/Intermediaci?n laboral y sucesi?n de empleadores  Garc?a Vior, Andrea (2014).jpg</subfield>
    <subfield code="y">Imagen de portada</subfield>
    <subfield code="q">image/jpeg</subfield>
  </datafield>
  <datafield tag="999" ind1=" " ind2=" ">
    <subfield code="c">1456</subfield>
    <subfield code="d">1456</subfield>
  </datafield>
  <datafield tag="952" ind1=" " ind2=" ">
    <subfield code="0">0</subfield>
    <subfield code="1">0</subfield>
    <subfield code="4">0</subfield>
    <subfield code="7">0</subfield>
    <subfield code="a">BCEJYS</subfield>
    <subfield code="b">BCEJYS</subfield>
    <subfield code="c">16</subfield>
    <subfield code="d">2026-04-07</subfield>
    <subfield code="l">0</subfield>
    <subfield code="o">349.2 G216</subfield>
    <subfield code="p">L119913</subfield>
    <subfield code="r">2026-04-07 15:55:43</subfield>
    <subfield code="w">2026-04-07</subfield>
    <subfield code="y">L</subfield>
  </datafield>
</record>
